Wer war's? 2000er Musik Quiz #1 - Statistiken

Allgemein
  • Dieses Quiz wurde 868 mal gespielt
  • Das Durchschnittsergebnis liegt bei 11 aus 16
Antwortstatistiken
Hint Antwort % Korrekt
Poker Face Lady Gaga
96%
Mockingbird Eminem
91%
Hot N Cold Katy Perry
85%
Tik Tok Kesha
83%
Numb Linkin Park
83%
Toxic Britney Spears
82%
In Da Club 50 Cent
79%
Monsta Culcha Candela
67%
I Gotta Feeling Black Eyed Peas
62%
Hot In Herre Nelly
57%
Pon De Replay Rihanna
57%
Ms. Jackson Outkast
46%
Temperature Sean Paul
46%
Sexy Bitch David Guetta, Akon
45%
Maneater Nelly Furtado
45%
Big Girls Don't Cry Fergie
28%
Keine übereinstimmenden Quizze gefunden
Verteilung der Resultate
Anzahl Personen mit jedem Resultat
Perzentil nach korrekt beantworteten Fragen
Ihre Resultats-Entwicklung
Sie haben dieses Quiz noch nicht gespielt